Kultúrne a kreatívne odvetvia v Japonsku diplomová práca

Gespeichert in:
Bibliographische Detailangaben
1. Verfasser: Ševčík, Martin
Körperschaft: Fakulta medzinárodných vzťahov EU. Katedra medzinárodných ekonomických vzťahov a hospodárskej diplomacie
Weitere Verfasser: Baculáková, Kristína, 1988-
Format: Buch
Sprache:Slowakisch
Veröffentlicht: Bratislava 2019
Tags: Tag hinzufügen
Keine Tags, Fügen Sie das erste Tag hinzu!

MARC

LEADER 00000nbm a2200000 4500
001 0255109
005 20190806134508.1
041 0 |a slo 
044 |a SK 
245 1 0 |a Kultúrne a kreatívne odvetvia v Japonsku  |b diplomová práca  |c Martin Ševčík ; školiteľ: Kristína Baculáková 
264 1 |a Bratislava  |c 2019 
300 |a 73 s. 
100 1 |a Ševčík, Martin 
700 1 |a Baculáková, Kristína, 1988- 
710 2 |a Fakulta medzinárodných vzťahov EU. Katedra medzinárodných ekonomických vzťahov a hospodárskej diplomacie